Physics for engineers, (Record no. 544199)

000 -LEADER
fixed length control field 00456cam a2200145u 4500
082 ## - DEWEY DECIMAL CLASSIFICATION NUMBER
Classification number 530.02462
Author Mark FLE
-- L-6, P-36
100 1# - MAIN ENTRY--PERSONAL NAME
Personal name Fleming, Ambrose
9 (RLIN) 39764
245 10 - TITLE STATEMENT
Title Physics for engineers,
Statement of responsibility, etc. Fleming, Ambrose
260 ## - PUBLICATION, DISTRIBUTION, ETC.
Place of publication, distribution, etc. London,
Name of publisher, distributor, etc. George Newnes limited
Date of publication, distribution, etc. [1942]
300 ## - PHYSICAL DESCRIPTION
Extent xii, 232 p.
Other physical details incl. front., illus., diagrs.
Dimensions 19 cm.
526 ## - STUDY PROGRAM INFORMATION NOTE
Program name 0
Interest level 0
Reading level 0
Title point value 530_024620000000000_FLE
650 #0 - SUBJECT ADDED ENTRY--TOPICAL TERM
Topical term or geographic name entry element Physics.
700 ## - ADDED ENTRY--PERSONAL NAME
Personal name Fleming, Ambrose
9 (RLIN) 39764
942 ## - ADDED ENTRY ELEMENTS (KOHA)
Source of classification or shelving scheme
Koha item type Book
Holdings
Withdrawn status Lost status Source of classification or shelving scheme Damaged status Not for loan Permanent Location Current Location Date acquired Total Checkouts Full call number Barcode Date last seen Price effective from Koha item type
          Military College of Engineering (MCE) Military College of Engineering (MCE) 04/15/2014   530.02462 FLE MCE-40709 04/15/2014 04/15/2014 Book
© 2023 Central Library, National University of Sciences and Technology. All Rights Reserved.